Devolution on the death of a registered proprietor (Record no. 112637)
[ view plain ]
| 000 -LEADER | |
|---|---|
| fixed length control field | 00988cad a22002295a 4500 |
| 001 - CONTROL NUMBER | |
| control field | L153662 |
| 008 - FIXED-LENGTH DATA ELEMENTS--GENERAL INFORMATION | |
| fixed length control field | 110815s2011 xxk f 000 0 eng d |
| 035 ## - SYSTEM CONTROL NUMBER | |
| System control number | (Sirsi) u153662 |
| 041 0# - LANGUAGE CODE | |
| Language code of text/sound track or separate title | eng |
| 050 04 - LIBRARY OF CONGRESS CALL NUMBER | |
| Classification number | 346.41043 $2 18 |
| 110 2# - MAIN ENTRY--CORPORATE NAME | |
| Corporate name or jurisdiction name as entry element | United Kingdom |
| Subordinate unit | Land Registry |
| 9 (RLIN) | 4774 |
| 245 00 - TITLE STATEMENT | |
| Title | Devolution on the death of a registered proprietor |
| Medium | [electronic resource] |
| 260 ## - PUBLICATION, DISTRIBUTION, ETC. | |
| Place of publication, distribution, etc. | [S.l] |
| Name of publisher, distributor, etc. | Land Registry |
| Date of publication, distribution, etc. | 2011 |
| 490 ## - SERIES STATEMENT | |
| Series statement | Land Registry Practice Guide |
| Volume/sequential designation | (6) |
| 520 ## - SUMMARY, ETC. | |
| Summary, etc. | Deals with applications to Land Registry associated with the death of a joint, sole or last surviving proprietor of a registered estate, a charge or mortgage. |
| 590 ## - LOCAL NOTE (RLIN) | |
| Local note | KA |
| 650 24 - SUBJECT ADDED ENTRY--TOPICAL TERM | |
| Topical term or geographic name entry element | LAND REGISTRATION ACT 2002 |
| 651 #4 - SUBJECT ADDED ENTRY--GEOGRAPHIC NAME | |
| Geographic name | England and Wales |
| Chronological subdivision | 1543- |
| 690 ## - LOCAL SUBJECT ADDED ENTRY--TOPICAL TERM (OCLC, RLIN) | |
| Topical term or geographic name as entry element | PROPERTY-PROPERTY ACQUISITION AND DISPOSAL-REGISTRATION OF TITLE TO PROPERTY-LAND REGISTRATION |
| 856 40 - ELECTRONIC LOCATION AND ACCESS | |
| Uniform Resource Identifier | <a href="https://www1.landregistry.gov.uk/upload/documents/pg6.html">https://www1.landregistry.gov.uk/upload/documents/pg6.html</a> |
| Public note | View this document free of charge at www.landreg.gov.uk |
| 942 ## - ADDED ENTRY ELEMENTS (KOHA) | |
| Suppress in OPAC | 0 |
| Withdrawn status | Lost status | Source of classification or shelving scheme | Damaged status | Not for loan | Home library | Current library | Shelving location | Date acquired | Total Checkouts | Full call number | Barcode | Date last seen | Copy number | Price effective from | Koha item type |
|---|---|---|---|---|---|---|---|---|---|---|---|---|---|---|---|
| Dewey Decimal Classification | Virtual | Virtual | Online | 15/08/2011 | ONLINE PUBLICATION | 153662-2001 | 06/08/2019 | 1 | 06/08/2019 | Book |